000 00437nam a22001697a 4500
005 20251108170709.0
008 250721s1981 xx 000 0 eng d
082 1 4 _a631.3/cul
100 1 _aculpin, claude
245 1 0 _afarm machinery /
264 1 _alondon :
_bthe english book society:granada,
_c1981.
300 _a450p. :index
650 1 7 _aagriculture machinery
650 1 7 _afarm engines
942 _2ddc
_cBK
999 _c46840
_d46840